| 000 | 00893cab a2200265 4500 | ||
|---|---|---|---|
| 001 | WB3142-10 | ||
| 008 | 090401t1995 xxu||||| |||| 00| 0 eng d | ||
| 035 | _a(Sirsi) u21942 | ||
| 041 | _aeng | ||
| 245 | _aBreach of duty | ||
| 260 | _c1995 | ||
| 350 | _a0 | ||
| 490 |
_aEstates Gazette Case Summaries _v(1995) EGCS 158(1) (4 November 1995) |
||
| 520 | _a"Partridge v Morris" QC 10 October 1995. Judgment for the plaintiff on grounds that the defendant architect failed to complete work on the plaintiff`s house and the design did not comply with building regulations. | ||
| 650 | _aARCHITECTS | ||
| 650 | _aBANQUE BRUXELLES PRINCIPLE | ||
| 650 | _aBREACH OF DUTY | ||
| 650 | _aDUTY TO WARN | ||
| 650 | _aFORESEEABILITY | ||
| 650 | _aMEASURE OF DAMAGES | ||
| 650 | _aPARTRIDGE V MORRIS | ||
| 690 | _aBUILDING AND CONSTRUCTION-CASE LAW | ||
| 942 | _n0 | ||
| 948 | _c04/03/1997 | ||
| 999 |
_c14703 _d14703 |
||